Field parasitism of Ceratitis capitata larvae by Aganaspis daci in Chios, Greece /

Đã lưu trong:
Sonraí Bibleagrafaíochta
Príomhúdar: Papadopoulos, Nikos.
Údair Eile: Katsoyannos, Byron.
Formáid: Bài viết
Teanga:English
Ábhair:
Clibeanna: Cuir Clib Leis
Gan Chlibeanna, Bí ar an gcéad duine leis an taifead seo a chlibeáil!
Thư viện lưu trữ: Thư viện Trường Đại học Đà Lạt
LEADER 00954nam a2200301 4500
001 DLU090093376
005 ##20091201
040 # # |a DLU  |b eng 
041 # # |a eng 
044 # # |a nl 
100 # # |a Papadopoulos, Nikos.  
245 # # |a Field parasitism of Ceratitis capitata larvae by Aganaspis daci in Chios, Greece /  |c Nikos Papadopoulos, Byron Katsoyannos. 
653 # # |a Biological control 
653 # # |a Cynipoidea  
653 # # |a Eucoilidae 
653 # # |a Fruit flies 
653 # # |a Parasitoids 
700 # # |a Katsoyannos, Byron.  
773 # # |t BioControl : Journal of the International Organization for Biological Control  |g Vol. 48, no. 2 (April 2003), p. 191-195 
920 # # |a Phòng Tạp chí -- Trung tâm Thông tin - Thư viện Trường Đại học Đà Lạt 
994 # # |a DLU 
900 # # |a True 
911 # # |a Trương Bảo Trâm Anh 
925 # # |a G 
926 # # |a A 
927 # # |a BB 
980 # # |a Thư viện Trường Đại học Đà Lạt